000 00293nam a22001337a 4500
008 170907b xxu||||| |||| 00| 0 eng d
020 _a936712791
041 _aeng
080 _220 ED
_a72
100 _a72
101 _aARK
245 _aINDUSTRIAL VENTILATION
_cBOX.[.O
942 _2udc
_cBK
999 _c26520
_d26520